| Поле | Название | Значение |
| |
Тип записи |
a |
| |
Библиографический уровень |
m |
| 001 |
Контрольный номер |
7fcaa9b5ed7948ec8bd6366f2e73a6b1 |
| 005 |
Дата корректировки |
20150415135152.6 |
| 010 |
Индекс ISBN |
__ |
| a |
ISBN |
978-5-4383-0071-7 |
| 101 |
Язык документа |
0_ |
| a |
Язык текста |
rus |
| 102 |
Страна публикации |
__ |
| a |
Страна публикации |
RU |
| 200 |
Заглавие и сведения об ответственности |
1_ |
| a |
Заглавие |
Защита интеллектуальных прав: понятие, способы защиты, особенности защиты в деятельности таможенных органов |
| b |
Общее обозначение материала |
Текст |
| e |
Сведения, относящиеся к заглавию |
учеб. пособие |
| f |
Первые сведения об ответственности |
В.С. Синенко |
| 210 |
Выходные данные |
1_ |
| a |
Место издания |
Санкт-Петербург |
| c |
Издательство |
Интермедия |
| d |
Дата издания |
2014 |
| 215 |
Физическое описание |
__ |
| a |
Объем |
224 с. |
| 610 |
Ключевые слова |
0_ |
| a |
Ключевые слова |
интеллектуальная собственность |
| 610 |
Ключевые слова |
0_ |
| a |
Ключевые слова |
таможенные органы |
| 610 |
Ключевые слова |
0_ |
| a |
Ключевые слова |
защита интеллектуальной собственности |
| 610 |
Ключевые слова |
0_ |
| a |
Ключевые слова |
защита интеллектуальных прав |
| 610 |
Ключевые слова |
0_ |
| a |
Ключевые слова |
таможенный контроль |
| 610 |
Ключевые слова |
0_ |
| a |
Ключевые слова |
исключительные права |
| 610 |
Ключевые слова |
0_ |
| a |
Ключевые слова |
защита исключительных прав |
| 686 |
Индексы других классификаций |
__ |
| a |
Классификационный индекс |
65.9(2)843-18я73 |
| 686 |
Индексы других классификаций |
__ |
| a |
Классификационный индекс |
67.623.3я73 |
| 686 |
Индексы других классификаций |
__ |
| a |
Классификационный индекс |
67.404.3я73 |
| 700 |
Автор |
_1 |
| a |
Фамилия |
Синенко |
| b |
Имя |
В. С. |
| g |
Полное личное имя |
Владимир Сергеевич |
| 801 |
Источник записи |
_0 |
| a |
Страна |
RU |
| b |
Организация |
РУК |
| g |
Правила каталогизации |
PSBO |
| c |
Дата составления |
20150415 |
| 801 |
Источник записи |
_1 |
| a |
Страна |
RU |
| b |
Организация |
РУК |
| g |
Правила каталогизации |
PSBO |
| 852 |
Данные о местонахождении |
__ |
| i |
Авторский знак |
С 38 |
| j |
Шифр хранения |
ББК 65.9(2)8 |
| 901 |
Тип документа |
__ |
| t |
Тип документа |
m |
| 937 |
Технологическая информация |
__ |
| a |
Создатель записи (имя) |
Золотухина |
| 938 |
Служебная информация |
__ |
| a |
Название организации |
Головной вуз |
| 952 |
Тип литературы |
__ |
| c |
Вид литературы |
учебное пособие |